| 000 | 00588nam a2200193 u 4500 | ||
|---|---|---|---|
| 005 | 20210223130452.0 | ||
| 008 | 080527s2005 es r 000 0 spa d | ||
| 020 | _a1405462396 | ||
| 035 | _aUPN01000156407 | ||
| 049 | _aI | ||
| 050 | 4 |
_aPZ8.1 _bS6.4 |
|
| 100 | 1 | _aSmith, Kathryn | |
| 245 | 1 | 0 |
_aJonás y la ballena : _brelatos de la biblia / _cadap. Kathryn Smith ; tr. Xavier Sales Roselló. |
| 260 |
_aBarcelona, Esp. : _bParragon, _cc2005. |
||
| 300 |
_a[24] p. : _bil. col. |
||
| 650 | 4 |
_aRELATOS BIBLICOS _916435 |
|
| 630 | 0 | 4 |
_aBIBLIA - _vLITERATURA JUVENIL _93895 |
| 905 | _aLibro | ||
| 999 |
_c128521 _d128521 |
||